Every 100,000+ City in Zambia in Order - Statistics

General Stats
  • This quiz has been taken 13 times
    3 since last reset
  • The average score is 12 of 29
Answer Stats
Letter Population City % Correct
L 3,540,459 Lusaka
100%
C 374,098 Chingola
67%
K 311,830 Kabwe
67%
K 1,064,337 Kitwe
67%
L 410,138 Livingstone
67%
N 841,449 Ndola
67%
C 124,226 Chililabombwe
33%
C 370,007 Chipata
33%
C 104,229 Chirundu
33%
C 252,943 Choma
33%
C 115,372 Chongwe
33%
G 104,016 Garneton
33%
K 221,975 Kafue
33%
K 113,359 Kalomo
33%
K 236,041 Kalulushi
33%
K-M 111,430 Kapiri Mposhi
33%
K 209,027 Kasama
33%
L 217,512 Luanshya
33%
M 244,165 Mansa
33%
M 156,406 Mazabuka
33%
M 336,429 Mongu
33%
M 271,433 Monze
33%
M 106,566 Mpika
33%
M 100,509 Mporokoso
33%
M 109,872 Mpulungu
33%
M 325,083 Mufulira
33%
N 174,163 Nakonde
33%
P 102,794 Petauke
33%
S 254,592 Solwezi
33%
No matching quizzes found
Score Distribution
Percent of People with Each Score
Percentile by Number Answered
Your Score History
You have not taken this quiz since the last reset